[Event "Revenge! Gah!"]
[Site "http://www.queenalice.com/game.php?id=514506"]
[Date "2008.12.29"]
[Round "-"]
[White "markp_nz"]
[Black "schmooster"]
[Result "0-1"]
[WhiteElo "1500"]
[BlackElo "1385"]

1. e4 c6 2. Qf3 d5 3. exd5 Qxd5 4. b3 e5 5. Bc4 e4 6. Qe3 Qe5 7. Nc3 Nf6 8. Bb2
Ng4 9. Qg3 Bd6 10. Rb1 O-O 11. Qxe5 Nxe5 12. Nxe4 Nxc4 13. bxc4 Re8 14. d3 f5
15. f3 fxe4 16. dxe4 Nd7 17. Ne2 Ne5 18. Bxe5 Bxe5 19. O-O Be6 20. Rb4 Rab8 21.
Rd1 b5 22. cxb5 cxb5 23. a4 a5 24. Rxb5 Bc4 25. Rxa5 Bxe2 26. Rd7 g5 27. Raa7 g4
28. f4 Bxf4 29. Rg7+ Kh8 30. Rxh7+ Kg8 31. Rag7+ Kf8 32. Rxg4 Bxg4 0-1

[Event "Have-At-You!"]
[Site "http://www.queenalice.com/game.php?id=516179"]
[Date "2009.1.2"]
[Round "-"]
[White "markp_nz"]
[Black "schmooster"]
[Result "1-0"]
[WhiteElo "1243"]
[BlackElo "1408"]

1. Nh3 c6 2. e3 d5 3. Bd3 Nf6 4. O-O Bg4 5. f3 Bxh3 6. gxh3 h5 7. f4 Na6 8. Bxa6
bxa6 9. d4 Ne4 10. Qd3 Qc8 11. Nc3 Qxh3 12. Qxa6 Qg4+ 13. Kh1 Qh3 14. Bd2 Nxd2
15. Qxc6+ Qd7 16. Qxa8+ Qd8 17. Qxd8+ Kxd8 18. Rf2 Ne4 19. Nxe4 dxe4 20. h4 f6
21. a4 e5 22. fxe5 g5 23. Rxf6 gxh4 24. Rf7 Ke8 25. Rxa7 Bh6 26. Ra8+ 1-0

[Event "WhoopWhoopWhoop"]
[Site "http://www.queenalice.com/game.php?id=517629"]
[Date "2009.1.5"]
[Round "-"]
[White "markp_nz"]
[Black "schmooster"]
[Result "1-0"]
[WhiteElo "1431"]
[BlackElo "1384"]

1. e4 c6 2. Qf3 d5 3. e5 f6 4. exf6 Nxf6 5. Nh3 Bg4 6. Qf4 Qd6 7. g3 Qxf4 8.
gxf4 Nbd7 9. b4 e5 10. Rg1 Bxb4 11. Bb2 d4 12. c3 Ba5 13. cxd4 e4 14. d5 a6 15.
Bxf6 Nxf6 16. dxc6 bxc6 17. Ng5 Bf3 18. Nc3 O-O 19. Rb1 Rab8 20. Rc1 Rfe8 21.
Bxa6 h6 22. Bc4+ Kf8 23. Ne6+ Ke7 24. Rxg7+ Kd6 25. Rg6 e3 26. Rxf6 Bd5 27. Ng7+
Be6 28. Bxe6 Re7 29. Ne4+ Kc7 30. Nf5 Rb2 31. fxe3 Rxe6 32. Rxe6 Bxd2+ 33. Nxd2
h5 34. Rcxc6+ Kd7 35. Rcd6+ Kc7 36. Re7+ Kc8 37. Rf6 Rb1+ 38. Nxb1 h4 39. Rf8#
1-0

[Event "Grrr..."]
[Site "http://www.queenalice.com/game.php?id=521391"]
[Date "2009.1.12"]
[Round "-"]
[White "schmooster"]
[Black "markp_nz"]
[Result "0-1"]
[WhiteElo "1369"]
[BlackElo "1519"]

1. c4 e5 2. d4 e4 3. e3 Bd6 4. Nd2 Bb4 5. c5 Bxd2+ 6. Bxd2 Nf6 7. b4 b6 8. b5 a6
9. c6 dxc6 10. a4 axb5 11. axb5 Rxa1 12. Qxa1 cxb5 13. Bxb5+ Bd7 14. Qa4 c6 15.
Be2 O-O 16. Qc2 Be6 17. f3 Qd5 18. Bc4 Qf5 19. Bxe6 fxe6 20. Bb4 Rc8 21. g4 Qb5
22. Bc3 exf3 23. Nxf3 Nxg4 24. Ng5 g6 25. Nxe6 Re8 26. Nc7 Rxe3+ 27. Kd2 Re2+
28. Kd1 Rxc2 29. Nxb5 Rxc3 30. Kd2 Rd3+ 31. Ke2 Re3+ 32. Kd2 cxb5 33. Rg1 Re4
34. Kd3 Nf6 35. Rf1 Kg7 36. d5 Rh4 37. d6 Rxh2 38. Re1 Kf7 39. Re7+ Kf8 40. Rc7
Nfd7 41. Rc8+ Kf7 42. Rc2 Rxc2 43. Kxc2 Ke6 44. Kb3 Na6 45. Kb2 Kd5 46. Ka1 Kc4
47. Kb2 b4 48. Ka1 Kc3 49. Ka2 b3+ 50. Ka1 b2+ 51. Kb1 Nac5 52. Ka2 Kc2 53. Ka3
b1=R 54. Ka2 Rb5 55. Ka3 h5 56. Ka2 Rb4 57. Ka3 Ra4# 0-1

[Event "Crème brûlée"]
[Site "http://www.queenalice.com/game.php?id=523196"]
[Date "2009.1.15"]
[Round "-"]
[White "markp_nz"]
[Black "schmooster"]
[Result "0-1"]
[WhiteElo "1569"]
[BlackElo "1369"]

1. e4 c6 2. Qf3 d5 3. e5 d4 4. Bc4 f6 5. Ne2 Nh6 6. d3 Ng4 7. exf6 Nxf6 8. Nd2
Bg4 9. Qf4 Nbd7 10. Nxd4 h5 11. Ne6 Qb8 12. Qxb8+ Rxb8 13. Nxf8 Rxf8 14. O-O b5
15. Bb3 Nc5 16. Re1 a5 17. c4 a4 18. Bc2 b4 19. h3 Bf5 20. Re3 g5 21. b3 g4 22.
h4 Rd8 23. Re5 Nxd3 24. Rxf5 Nxc1 25. Rxc1 Rxd2 26. bxa4 e6 27. Rc5 Kd7 28. Bb1
Ra8 29. a5 Kd6 30. Rg5 c5 31. Bg6 Rxa2 32. Bxh5 Nxh5 33. Rxh5 R8xa5 34. Rg5 Ra1
35. Rxa1 Rxa1+ 36. Kh2 b3 37. Rxg4 b2 38. f4 b1=Q 39. Rg6 Qh1+ 40. Kg3 Qe1+ 41.
Kg4 Qe4 42. Rg8 Qxg2+ 0-1

[Event "Bitch"]
[Site "http://www.queenalice.com/game.php?id=531577"]
[Date "2009.1.29"]
[Round "-"]
[White "markp_nz"]
[Black "schmooster"]
[Result "1/2-1/2"]
[WhiteElo "1515"]
[BlackElo "1383"]

1. e4 c6 2. Qf3 d5 3. exd5 Qxd5 4. c4 Qe6+ 5. Ne2 Qxc4 6. b3 Qb4 7. Ba3 Qh4 8.
g3 Bg4 9. Qxf7+ Kxf7 10. gxh4 h5 11. Nf4 Rh6 12. Be2 e5 13. Bxg4 hxg4 14. Nd3
Nd7 15. O-O Rxh4 16. Re1 Ngf6 17. Nxe5+ Nxe5 18. Rxe5 Re8 19. Rxe8 Kxe8 20. Bb2
Ne4 21. d3 Ng5 22. Nd2 b5 23. Re1+ Kf7 24. Re5 Be7 25. Rf5+ Bf6 26. Bxf6 gxf6
27. Rc5 Rh3 28. Rxc6 Rxd3 29. Nf1 Nh3+ 30. Kg2 Rf3 31. Rc7+ Kg6 32. Rc2 a5 33.
Ne3 f5 34. Nd5 Nf4+ 35. Nxf4+ Rxf4 36. Rc6+ Kg5 37. Rb6 Rb4 38. Rb8 Kh4 39. f3
a4 40. fxg4 Kxg4 41. bxa4 Rxa4 42. h3+ Kg5 43. Rxb5 Rxa2+ 44. Kg3 Ra4 45. Rb8
Ra3+ 46. Kg2 Ra2+ 47. Kg3 f4+ 48. Kf3 Ra3+ 49. Kg2 Rg3+ 50. Kh2 Kh4 51. Rh8+ Kg5
52. Rg8+ Kh4 53. Rxg3 fxg3+ 54. Kg2 Kh5 55. Kxg3 Kg5 56. h4+ Kh5 57. Kh3 Kh6 58.
Kg4 Kh7 59. h5 Kh6 60. Kh4 1/2-1/2

[Event "Bosworth Field"]
[Site "http://www.queenalice.com/game.php?id=553926"]
[Date "2009.3.10"]
[Round "-"]
[White "markp_nz"]
[Black "schmooster"]
[Result "1-0"]
[WhiteElo "1499"]
[BlackElo "1414"]

1. e4 c6 2. Qg4 d5 3. Qf4 Nf6 4. Nc3 Qd6 5. Qh4 e5 6. exd5 cxd5 7. Qa4+ Nc6 8.
Bb5 Bd7 9. Bxc6 Bxc6 10. Qb3 Qb4 11. a3 Qxb3 12. cxb3 d4 13. Nce2 Bc5 14. f3 d3
15. Ng3 h5 16. Nf5 e4 17. b4 Bxg1 18. Rxg1 O-O 19. Ne7+ Kh7 20. Nf5 g6 21. Nd4
Bd7 22. Rf1 Rae8 23. fxe4 Nxe4 24. Kd1 Ba4+ 25. b3 Rd8 26. bxa4 Rxd4 27. Rf4 f5
28. Bb2 Rd5 29. Rc1 Rf7 30. Rc4 Re7 31. h3 g5 32. Rf3 a5 33. Rd4 g4 34. Rf4 Red7
35. bxa5 Rxd4 36. Bxd4 Rxd4 37. Rxf5 Rxa4 38. Rxh5+ Kg6 39. Re5 gxh3 40. gxh3
Nf2+ 41. Kc1 Rxa3 42. Kb2 Ra4 43. Kb3 Re4 44. Rb5 Re2 45. Rb6+ Kf5 46. Kc3 Re6
47. Rxb7 Ke4 48. h4 Rc6+ 49. Kb3 Rc2 50. a6 Rxd2 51. a7 Re2 52. a8=Q d2 53. Rb4+
Kd3 54. Qd5+ Ke3 55. Qe5+ Ne4 56. Rxe4+ Kf3 57. Qf4+ Kg2 58. Rxe2+ Kh3 59. Rh2#
1-0

[Event "Aha!"]
[Site "http://www.queenalice.com/game.php?id=583698"]
[Date "2009.5.5"]
[Round "-"]
[White "markp_nz"]
[Black "schmooster"]
[Result "0-1"]
[WhiteElo "1534"]
[BlackElo "1414"]

1. e4 c6 2. Qf3 d5 3. e5 d4 4. Bc4 e6 5. Ne2 Bc5 6. O-O b5 7. Bxb5 Qd5 8. Qg3 g6
9. Ba4 Ba6 10. d3 Ne7 11. b3 Nf5 12. Qf3 Qxf3 13. gxf3 Bb5 14. Bxb5 cxb5 15. Na3
a6 16. Bb2 Nc6 17. Rac1 Nxe5 18. Kg2 O-O-O 19. c3 Nxd3 20. Rc2 Nxb2 21. Rxb2
Bxa3 22. Rc2 d3 23. Rd2 dxe2 24. Rxe2 h5 25. c4 Nd4 26. Re5 Bd6 27. Rg5 Ne2 28.
cxb5 Nf4+ 29. Kh1 Nh3 30. Rc5+ Bxc5 31. Rc1 Nxf2+ 32. Kg2 Nd3 33. Rc3 axb5 34.
b4 Nf4+ 35. Kf1 Rd1# 0-1

[Event "Challenge"]
[Site "http://www.queenalice.com/game.php?id=591415"]
[Date "2009.5.20"]
[Round "-"]
[White "schmooster"]
[Black "markp_nz"]
[Result "0-1"]
[WhiteElo "1435"]
[BlackElo "1514"]

1. c4 e5 2. e3 Qf6 3. d4 exd4 4. exd4 Nc6 5. Ne2 b6 6. Bf4 Bb4+ 7. Nd2 Nxd4 8.
Bxc7 d6 9. a3 Bxd2+ 10. Qxd2 Nf5 11. Ng3 Nxg3 12. fxg3 Kd7 13. c5 Kxc7 14. cxd6+
Qxd6 15. Rc1+ Kd7 16. Bb5+ Ke7 17. Qe2+ Be6 18. O-O Nf6 19. Rfe1 Rhc8 20. Rc3
Rxc3 21. bxc3 Qc5+ 22. Kh1 Qxc3 23. a4 Rd8 24. Bc4 Rd2 25. Qe3 Qxe3 26. Rxe3
Rd1+ 27. Bf1 Rxf1# 0-1

[Event "Pud-Wapper"]
[Site "http://www.queenalice.com/game.php?id=646753"]
[Date "2009.9.3"]
[Round "-"]
[White "markp_nz"]
[Black "schmooster"]
[Result "1-0"]
[WhiteElo "1541"]
[BlackElo "1475"]

1. e4 c6 2. Qf3 d5 3. exd5 Qxd5 4. Qf4 e5 5. Qf3 Qxf3 6. Nxf3 Bd6 7. Bc4 Be6 8.
Bxe6 fxe6 9. Ng5 Nf6 10. Nxe6 Kd7 11. Nxg7 Ng4 12. Nf5 Bc5 13. Ne3 Bxe3 14. fxe3
Rf8 15. h3 Nf6 16. O-O Ke7 17. d4 exd4 18. exd4 Nh5 19. Bg5+ Ke8 20. Re1+ Kf7
21. Rf1+ Kg8 22. Nd2 Nd7 23. Rae1 Rae8 24. Bh6 Rf6 25. Rxe8+ Kf7 26. Rf8+ Nxf8
27. Bxf8 Kxf8 28. Ne4 Rxf1+ 29. Kxf1 Kf7 30. Nd6+ Ke6 31. Nxb7 Ng3+ 32. Kf2 Ne4+
33. Ke3 Kd5 34. Nc5 Nxc5 35. dxc5 Kxc5 36. Kd3 a5 37. c3 a4 38. a3 Kd5 39. g4 h6
40. h4 c5 41. g5 hxg5 42. hxg5 Ke6 43. Ke4 c4 44. g6 Kf6 45. Kd5 Kxg6 46. Kxc4
Kf7 47. Kb4 Ke8 48. c4 Kd8 49. c5 Kc8 50. Kb5 Kb8 51. c6 Kc7 52. Kc5 Kc8 53. Kb6
Kb8 54. Ka6 Kc8 55. Kb5 Kc7 56. Kxa4 Kb8 57. Kb5 Kc7 58. a4 Kb8 59. Kb6 Kc8 60.
c7 Kd7 61. Kb7 Kd6 62. c8=Q Kd5 63. Qc3 Ke4 64. a5 Kf4 65. a6 Kg4 66. a7 Kf4 67.
a8=Q Kg5 68. Qf8 Kh4 69. Qcg7 Kh3 70. Qfh8# 1-0

[Event "Scrumbles"]
[Site "http://www.queenalice.com/game.php?id=674082"]
[Date "2009.10.28"]
[Round "-"]
[White "markp_nz"]
[Black "schmooster"]
[Result "1-0"]
[WhiteElo "1566"]
[BlackElo "1474"]

1. e4 c6 2. Qf3 d5 3. exd5 Qxd5 4. Nc3 Qe5+ 5. Nge2 g5 6. g3 Bf5 7. d4 g4 8. Qf4
Qe6 9. Qc7 Bxc2 10. Qxb7 Be4 11. Rg1 c5 12. Nxe4 Qb6 13. Qxa8 cxd4 14. Nc5 Bh6
15. Nxd4 Bxc1 16. Rxc1 Nf6 17. Qb7 Qd6 18. Na6 Nxa6 19. Rc8+ Qd8 20. Rxd8+ Kxd8
21. Bxa6 e5 22. Nc6+ Ke8 23. Qc8# 1-0

[Event "Truculent"]
[Site "http://www.queenalice.com/game.php?id=676518"]
[Date "2009.11.2"]
[Round "-"]
[White "markp_nz"]
[Black "schmooster"]
[Result "1-0"]
[WhiteElo "1588"]
[BlackElo "1474"]

1. e4 c6 2. Qf3 d5 3. Nc3 d4 4. Na4 Nd7 5. b4 b5 6. Nb2 Ne5 7. Qh5 e6 8. Qxe5
Bd6 9. Qxd4 a5 10. Qxg7 Qf6 11. Qxf6 Nxf6 12. bxa5 Rxa5 13. f3 Bd7 14. d4 Bb4+
15. Bd2 Bxd2+ 16. Kxd2 Ra3 17. e5 Nd5 18. Nh3 f6 19. exf6 Nxf6 20. Bd3 h6 21.
Bg6+ Ke7 22. Nd3 Rg8 23. Ne5 Kd6 24. Nxd7 Kxd7 25. Nf4 Kd6 26. Rhe1 c5 27. Rxe6+
Kd7 28. Rxf6 cxd4 29. Bf5+ Ke7 30. Rxh6 b4 31. Rb1 Rb8 32. Re1+ Kd8 33. Rh8+ Kc7
34. Re7+ Kd6 35. Re6+ Kc5 36. Nd3+ Kc4 37. Rc6+ Kb5 38. Rc5+ Kb6 39. Rxb8+ Ka7
40. Rcb5 Ra6 41. Be4 Rxa2 42. Ra8# 1-0

[Event "Challenge"]
[Site "http://www.queenalice.com/game.php?id=679942"]
[Date "2009.11.8"]
[Round "-"]
[White "schmooster"]
[Black "markp_nz"]
[Result "0-1"]
[WhiteElo "1474"]
[BlackElo "1607"]

1. c4 e5 2. d4 exd4 3. Qxd4 Qf6 4. Qxf6 Nxf6 5. e3 Bb4+ 6. Bd2 a5 7. a3 Bd6 8.
Bc3 O-O 9. b4 axb4 10. axb4 Rxa1 11. Bxa1 Bxb4+ 12. Bc3 Bxc3+ 13. Nxc3 c6 14.
Nf3 d5 15. Ne5 Re8 16. f4 Nbd7 17. Nxd7 Bxd7 18. Kf2 d4 19. exd4 Ne4+ 20. Nxe4
Rxe4 21. d5 Rxf4+ 22. Kg3 Rd4 23. h4 cxd5 24. cxd5 Rxd5 25. Be2 Bc6 26. Rd1 g6
27. Bf3 Rxd1 28. Bxd1 h5 29. Bf3 Bxf3 30. gxf3 b5 31. Kf2 f5 32. f4 Kf7 33. Ke2
Ke6 34. Kd3 Kd5 35. Kc3 Ke4 36. Kb4 Kxf4 37. Kxb5 Ke3 38. Kc4 f4 39. Kd5 f3 40.
Ke5 f2 41. Kf6 f1=Q+ 42. Kg7 Qf5 43. Kh6 Ke4 44. Kg7 Ke5 45. Kh6 Kf6 46. Kh7
Qd7+ 47. Kh8 Qg7# 0-1

[Event "Challenge"]
[Site "http://www.queenalice.com/game.php?id=722393"]
[Date "2010.1.29"]
[Round "-"]
[White "markp_nz"]
[Black "schmooster"]
[Result "1-0"]
[WhiteElo "1624"]
[BlackElo "1480"]

1. e4 c6 2. Qf3 d5 3. exd5 cxd5 4. Nc3 Nf6 5. Bb5+ Bd7 6. a4 d4 7. Qxb7 dxc3 8.
Qxa8 Bxb5 9. axb5 Qd5 10. Qxb8+ Kd7 11. Rxa7+ Ke6 12. Ra6+ Kf5 13. Nf3 e5 14. h3
e4 15. g4+ Kg6 16. Ne5+ Kg5 17. dxc3+ e3 18. Bxe3+ Kh4 19. Rh2 Rg8 20. Nxf7 Bc5
21. Qg3# 1-0

[Event "Challenge"]
[Site "http://www.queenalice.com/game.php?id=725319"]
[Date "2010.2.3"]
[Round "-"]
[White "schmooster"]
[Black "markp_nz"]
[Result "0-1"]
[WhiteElo "1501"]
[BlackElo "1639"]

1. c4 e5 2. d4 exd4 3. Qxd4 Qf6 4. Qxf6 Nxf6 5. b3 Bb4+ 6. Nd2 O-O 7. a3 Bc3 8.
Bb2 Bxb2 9. Ra2 Bd4 10. e3 Bc3 11. g3 d6 12. Bg2 c5 13. f4 Nc6 14. Ke2 Bf5 15.
Bh3 g6 16. Bxf5 gxf5 17. h4 Na5 18. Nh3 Bxd2 19. Rxd2 Ne4 20. Rd3 Nxg3+ 0-1

[Event "Dammit"]
[Site "http://www.queenalice.com/game.php?id=728965"]
[Date "2010.2.9"]
[Round "-"]
[White "markp_nz"]
[Black "schmooster"]
[Result "1-0"]
[WhiteElo "1654"]
[BlackElo "1503"]

1. e4 c6 2. Qf3 d5 3. e5 h5 4. c4 f6 5. exf6 Bg4 6. Qb3 Nxf6 7. Qxb7 Nbd7 8.
Qxc6 Rc8 9. Qb5 Qb6 10. Na3 a6 11. Qxb6 Nxb6 12. cxd5 Nbxd5 13. Bxa6 Rc6 14. Bb5
1-0

[Event "stupid"]
[Site "http://www.queenalice.com/game.php?id=730913"]
[Date "2010.2.12"]
[Round "-"]
[White "markp_nz"]
[Black "schmooster"]
[Result "1-0"]
[WhiteElo "1667"]
[BlackElo "1503"]

1. e4 c6 2. Qf3 d5 3. e5 Nd7 4. d4 e6 5. Nc3 c5 6. dxc5 Nxc5 7. Be3 d4 8. Bb5+
Bd7 9. Bxd4 Bxb5 10. Nxb5 Qa5+ 11. Nc3 Rd8 12. Ne2 Na4 13. O-O Nxb2 14. Qxb7 Bc5
15. Qc6+ Rd7 16. Bxc5 Ne7 17. Qb5 Qc7 18. Bxe7 1-0

[Event "Ima beat you this time"]
[Site "http://www.queenalice.com/game.php?id=732829"]
[Date "2010.2.16"]
[Round "-"]
[White "markp_nz"]
[Black "schmooster"]
[Result "1-0"]
[WhiteElo "1679"]
[BlackElo "1488"]

1. e4 d5 2. Qf3 dxe4 3. Qxe4 g6 4. Bb5+ Nc6 5. Bxc6+ bxc6 6. Qxc6+ Bd7 7. Qc3 f6
8. Nf3 Bg7 9. O-O Nh6 10. d3 O-O 11. Bf4 c6 12. Nd4 e5 13. Nxc6 Qb6 14. Ne7+ Kh8
15. Bxh6 Bxh6 16. Na3 Rab8 17. Nc4 Qd4 18. Na5 Rxb2 19. Qa3 Qb4 20. Qxb4 Rxb4
21. Rab1 Bd2 22. Nac6 Bxc6 23. Nxc6 Rb6 24. Nxa7 Rfb8 25. Rxb6 Rxb6 26. Rd1 Bc3
27. g3 Rb2 28. Nc6 Rxa2 29. Nd8 Rxc2 30. Rb1 Bd4 31. Rb8 Bxf2+ 32. Kf1 Ba7 33.
Ra8 Rc1+ 34. Ke2 Bd4 35. Ne6+ 1-0

[Event "Who's the daddy?"]
[Site "http://www.queenalice.com/game.php?id=737403"]
[Date "2010.2.25"]
[Round "-"]
[White "schmooster"]
[Black "markp_nz"]
[Result "0-1"]
[WhiteElo "1489"]
[BlackElo "1689"]

1. c4 e5 2. d4 e4 3. e3 Bb4+ 4. Bd2 Na6 5. c5 f5 6. Bxa6 Bxd2+ 7. Nxd2 bxa6 8.
Ne2 Qg5 9. g3 Nf6 10. Nf4 Bb7 11. Qc2 Nd5 12. Nxd5 Bxd5 13. Nb3 Bxb3 14. axb3
Qf6 15. c6 Qxc6 16. Qxc6 dxc6 17. Rxa6 Kd7 18. O-O Rhb8 19. Ra3 Rb7 20. f3 exf3
21. Rxf3 g6 22. Kf2 Rab8 23. e4 fxe4 24. Rf7+ Kd6 25. Rxh7 Rxb3 26. Rxb3 Rxb3
27. Rh6 Rxb2+ 28. Ke3 Kd5 29. Rxg6 Rb3+ 30. Kf4 Rf3+ 31. Kg4 Rd3 32. Rg5+ Kxd4
33. Rg7 Kc5 34. Rxc7 Kb6 35. Re7 Rd4 36. Kf4 a5 37. Rxe4 Rxe4+ 38. Kxe4 Kc5 39.
h4 Kd6 40. h5 Ke6 41. g4 a4 42. h6 Kf7 43. Kf5 a3 44. g5 a2 45. g6+ Kg8 46. g7
a1=Q 47. Kg6 Qh1 48. Kg5 Kh7 49. g8=N Kxg8 50. Kg6 Qe4+ 51. Kg5 Kf7 52. Kh5 Qf3+
53. Kg5 Qf2 54. Kh5 Kf6 55. h7 Kf5 56. Kh6 Qg2 57. h8=N Qg5+ 58. Kh7 Kf6 59. Ng6
Qxg6+ 60. Kh8 Qg7# 0-1

[Event "Lets Play..."]
[Site "http://www.queenalice.com/game.php?id=767720"]
[Date "2010.4.28"]
[Round "-"]
[White "schmooster"]
[Black "markp_nz"]
[Result "0-1"]
[WhiteElo "1441"]
[BlackElo "1698"]

1. c4 e5 2. d4 Qf6 3. e3 Bb4+ 4. Bd2 Bxd2+ 5. Nxd2 exd4 6. Ne4 Qe5 7. Qxd4 Nc6
8. Nf3 Nxd4 9. Nxe5 Nc2+ 10. Kd2 Nxa1 11. Bd3 d6 12. Nf3 f5 13. Ng3 Nf6 14. Rxa1
Ng4 15. Ke2 O-O 16. Nd4 Nxh2 17. Ngxf5 Bxf5 18. Nxf5 Ng4 19. Ne7+ Kh8 20. Bxh7
Kxh7 21. Rh1+ Nh6 22. g4 Rae8 23. Nf5 Re4 24. Nxh6 gxh6 25. g5 Re6 26. f4 Rfe8
27. Rh3 Kg7 28. b4 a6 29. a4 Re4 30. Kd3 hxg5 31. fxg5 Rg4 32. b5 axb5 33. cxb5
Rxa4 34. Rh6 b6 35. Rf6 Rae4 36. Rf3 R4e5 37. g6 Rxb5 38. Rf7+ Kxg6 39. Rxc7
Rb3+ 40. Rc3 Rxc3+ 41. Kxc3 Re4 42. Kd3 Kf5 43. Kd2 b5 44. Kd3 Rc4 45. e4+ Ke5
46. Ke3 Rd4 47. Kf3 b4 48. Kg2 b3 49. Kh1 b2 50. Kg2 b1=Q 51. Kh2 Rd3 52. Kg2
Qc2+ 53. Kf1 Rd1# 0-1

[Event "Bored?"]
[Site "http://www.queenalice.com/game.php?id=778503"]
[Date "2010.5.20"]
[Round "-"]
[White "schmooster"]
[Black "markp_nz"]
[Result "1-0"]
[WhiteElo "1493"]
[BlackElo "1704"]

1. c4 e5 2. e3 Qf6 3. d4 exd4 4. Qxd4 Nc6 5. Qxf6 Nxf6 6. g3 Bb4+ 7. Bd2 Bxd2+
8. Nxd2 Nb4 9. O-O-O Nxa2+ 10. Kb1 Nb4 11. Ngf3 b5 12. Bg2 bxc4 13. Ne5 Rb8 14.
Ndxc4 Nfd5 15. Bxd5 Nxd5 16. Rxd5 Bb7 17. Rxd7 Bxh1 18. Rxc7 Be4+ 19. Kc1 Rb7
20. Rc8+ Ke7 21. Rxh8 Rb4 22. f4 f6 23. Rc8 fxe5 24. Nxe5 Rb3 25. Rc3 Rb4 26. h4
h5 27. Rc7+ Ke6 28. Rxg7 a5 29. g4 hxg4 30. Nxg4 Bf5 31. Ne5 Re4 32. Kd2 Kf6 33.
Rg1 Bc8 34. h5 Rb4 35. Kc3 Bb7 36. h6 Be4 37. Nc4 Bh7 38. Nxa5 Rb5 39. b4 Rh5
40. Rg5 Rxh6 41. Nc6 Rh3 42. Kd4 Rf3 43. Ne5 Rf1 44. b5 Rb1 45. Nd7+ Kf7 46. b6
Bc2 47. Nc5 Rxb6 48. e4 Rb4+ 49. Kc3 Rxe4 50. Nxe4 Bxe4 51. Kd4 Bg6 52. Ke5 Bc2
53. Rg2 Bd3 54. Rd2 Bg6 55. Rd7+ Ke8 56. Rd6 Bc2 57. Rf6 Ke7 58. f5 Bxf5 59.
Kxf5 1-0

[Event "Challenge"]
[Site "http://www.queenalice.com/game.php?id=778504"]
[Date "2010.5.20"]
[Round "-"]
[White "thiagobrumchess"]
[Black "markp_nz"]
[Result "1-0"]
[WhiteElo "1678"]
[BlackElo "1678"]

1. e4 e5 2. Nf3 Qf6 3. d3 Nc6 4. a3 b6 5. Be2 Ba6 6. O-O O-O-O 7. Bg5 Qg6 8.
Bxd8 Nxd8 9. Nc3 f6 10. Nd2 Ne6 11. Nf3 Nf4 12. g3 Qg4 13. Nh4 Qh3 14. Bf3 g5
15. Nf5 1-0